Riadenie produktivity práce

Otázka produktivity práce z pohľadu plánovaných a skutočne potrebných pracovných hodín na realizáciu určitého projektu. Ovplyvňovanie produktivity práce. Riadenie prác na mieste. Produktivita práce na stavbe. Pracovné podmienky pracovníkov na stavbe. Časové plánovanie a koordinácia.

Salvato in:
Dettagli Bibliografici
Autore principale: Konvit, M.
Natura: Capitolo di libro
Lingua:slovacco
Soggetti:
Tags: Aggiungi Tag
Nessun Tag, puoi essere il primo ad aggiungerne!!

MARC

LEADER 00000naa a2200000 4500
001 r026331
005 20230919070813.4
041 0 |a slo 
044 |a SK 
245 1 0 |a Riadenie produktivity práce  |c M. Konvit 
520 |a Otázka produktivity práce z pohľadu plánovaných a skutočne potrebných pracovných hodín na realizáciu určitého projektu. Ovplyvňovanie produktivity práce. Riadenie prác na mieste. Produktivita práce na stavbe. Pracovné podmienky pracovníkov na stavbe. Časové plánovanie a koordinácia. 
610 2 0 |a produktivita práce 
610 2 0 |a vplyvy na prácu 
610 2 0 |a postupy pracovné 
610 2 0 |a riadenie operatívne 
610 2 0 |a práca stavebná 
610 2 0 |a stavby 
610 2 0 |a podmienky pracovné 
100 1 |a Konvit, M.